<?xml version="1.0" encoding="UTF-8"?>
<record
    xmlns:xsi="http://www.w3.org/2001/XMLSchema-instance"
    xsi:schemaLocation="http://www.loc.gov/MARC21/slim http://www.loc.gov/standards/marcxml/schema/MARC21slim.xsd"
    xmlns="http://www.loc.gov/MARC21/slim">

  <leader>01017ntaaa2200229   4500</leader>
  <controlfield tag="003">01</controlfield>
  <controlfield tag="005">20251027203344.0</controlfield>
  <controlfield tag="008">0714s1973  ag    01 </controlfield>
  <datafield tag="040" ind1=" " ind2=" ">
    <subfield code="a">AR-BaBN</subfield>
    <subfield code="b">spa</subfield>
    <subfield code="c">AR-BaBN</subfield>
    <subfield code="e">aacr</subfield>
    <subfield code="d">RIC</subfield>
  </datafield>
  <datafield tag="100" ind1=" " ind2=" ">
    <subfield code="a">Falla, Manuel de </subfield>
    <subfield code="d">1876-1946 </subfield>
    <subfield code="9">37488</subfield>
  </datafield>
  <datafield tag="245" ind1=" " ind2=" ">
    <subfield code="a">Noches en los jardines de Espa&#xF1;a ; Concierto en re mayor para clave con flauta, oboe, clarinete, viol&#xED;n y violoncelo ; Fantas&#xED;a b&#xE9;tica, para piano / </subfield>
    <subfield code="c">Manuel de Falla </subfield>
  </datafield>
  <datafield tag="260" ind1=" " ind2=" ">
    <subfield code="a">Buenos Aires : </subfield>
    <subfield code="b">Viscontea [distribuidor], </subfield>
    <subfield code="c">c1979</subfield>
  </datafield>
  <datafield tag="300" ind1=" " ind2=" ">
    <subfield code="a">1 disco son. (45 min., 19 seg.) ; </subfield>
    <subfield code="c">anal&#xF3;gico, 33 1/3 rpm, estereo ; 12 plg.</subfield>
  </datafield>
  <datafield tag="490" ind1=" " ind2=" ">
    <subfield code="a">Los grandes m&#xFA;sicos ; </subfield>
    <subfield code="v">88</subfield>
  </datafield>
  <datafield tag="500" ind1=" " ind2=" ">
    <subfield code="a">Gy&#xF6;rgy S&#xE1;ndor, piano ; Orquesta de Radio Luxemburgo, Louis de Froment, director</subfield>
  </datafield>
  <datafield tag="500" ind1=" " ind2=" ">
    <subfield code="a">Clave: Martin Galling</subfield>
  </datafield>
  <datafield tag="500" ind1=" " ind2=" ">
    <subfield code="a">Piano: Gy&#xF6;rgy S&#xE1;ndor</subfield>
  </datafield>
  <datafield tag="500" ind1=" " ind2=" ">
    <subfield code="a">Fabricado por: CBS. Licencia de: Vox-Turnabout-MMG (The Moss Music Group)</subfield>
  </datafield>
  <datafield tag="500" ind1=" " ind2=" ">
    <subfield code="a">Duraciones: 20 min., 55 seg. ; 13 min., 29 seg. ; 10 min., 55 seg.</subfield>
  </datafield>
  <datafield tag="650" ind1=" " ind2=" ">
    <subfield code="a">MUSICA</subfield>
  </datafield>
  <datafield tag="942" ind1=" " ind2=" ">
    <subfield code="c">BK</subfield>
  </datafield>
  <datafield tag="999" ind1=" " ind2=" ">
    <subfield code="c">29064</subfield>
    <subfield code="d">29064</subfield>
  </datafield>
  <datafield tag="952" ind1=" " ind2=" ">
    <subfield code="0">0</subfield>
    <subfield code="1">0</subfield>
    <subfield code="4">0</subfield>
    <subfield code="7">0</subfield>
    <subfield code="a">BP</subfield>
    <subfield code="b">BP</subfield>
    <subfield code="d">2025-10-27</subfield>
    <subfield code="i">045595</subfield>
    <subfield code="l">0</subfield>
    <subfield code="p">045595</subfield>
    <subfield code="r">2025-10-27 20:33:44</subfield>
    <subfield code="w">2025-10-27</subfield>
    <subfield code="y">BK</subfield>
  </datafield>
</record>
